| 000 | 02385aam a2200385 i 4500 | ||
|---|---|---|---|
| 001 | 768714001 | ||
| 003 | CO-MdFUSB | ||
| 005 | 20250514090153.0 | ||
| 007 | ta | ||
| 008 | 230926t19931994flua||ag |||| 00| 0 spa d | ||
| 020 |
_a089922513 _q6 |
||
| 040 |
_aCO-MdFUSB _bspa _cCO-MdFUSB _dCO-MdFUSBC _erda |
||
| 041 |
_aspa _heng |
||
| 082 |
_222 _a248 _bP977 |
||
| 240 | _aPeople of the Spirit | ||
| 245 | 1 | 3 |
_aEl pueblo del Espíritu _b : dones, frutos y plenitud del Espíritu Santo _c/ Editores : Jack W Hayford , Gary Matsdorf ; traducido por Adriana Powell |
| 264 | 1 |
_aFlorida : _bCaribe, _c[1993] |
|
| 264 | 4 | _c©1994 | |
| 300 |
_a156 páginas _c; 22 cm. |
||
| 336 |
_2rdacontent _atexto _btxt |
||
| 337 |
_2rdamedia _asin mediación _bn |
||
| 338 |
_2rdacarrier _avolumen _bnc |
||
| 490 | _aGuías de estudio para las Dinámicas del Reino | ||
| 505 | _aCapítulo I. EL Espíritu Santo y usted -- Capítulo II. La plenitud del Espíritu Santo -- Capítulo III. El mayor de ellos es el amor -- Capítulo IV. Amor, gozo y paz -- Capítulo V. Paciencia, benignidad y bondad -- Capítulo VI. Fe, mansedumbre y templanza -- Capítulo VII. ¡Consentir y discrepar! -- Capítulo VIII. Dones creacionales -- Capítulo IX. Dones ministeriales -- Capítulo X. ¿Por qué tanto alboroto? -- Capítulo XI. Palabra de sabiduría, palabra de ciencia y fe -- Capítulo XII. Dones de sanidades, milagros y profecía -- Capítulo XIII. Discernimiento de espíritus, diversos géneros de lenguas e interpretaciones de lenguas. | ||
| 520 | _aEl pueblo del Espíritu. Los hechos poderosos del Espíritu Santo se han hecho patentes desde el principio del tiempo cuando Dios ordeno y dijo: "sea la luz" el pueblo del Espíritu le invita a a mirar de cerca como Dios reparte "hoy" su poder y sus dones a los que tienen hambre de la plenitud de su Espíritu Santo. a medida que esta guía de estudio clara y concreta le presenta los dones, el fruto y la plenitud del Espíritu, vera como puede sentir su poder transformador y llegar a otros con su gracia y amor. | ||
| 563 | _aRústico | ||
| 650 | 0 |
_950 _aEspíritu Santo |
|
| 650 | 0 |
_951 _aVida espiritual |
|
| 653 | _aDones espirituales. | ||
| 700 |
_aHayford, Jack W. _eeditor _94874 |
||
| 700 |
_aMatsdorf, Gary, _eeditor _98613 |
||
| 700 |
_91653 _aPowell, Adriana _etraductor |
||
| 942 | _cBK | ||
| 945 | _asor1564 | ||
| 999 |
_c69059 _d69059 |
||